Vista normal
Vista MARC
Ingeniería para la sostenibildad : (Registro nro. 17344)
[ vista simple ]
| 000 -Cabecera (24) | |
|---|---|
| Campo de control interno | 00957nam a22002414aa4500 |
| 001 - Número de control | |
| Campo de control | UTEA |
| 005 - Fecha y hora de la | |
| Campo de control | 20250930142358.0 |
| 006 - Campos de control - información adicional | |
| Campos de control | g||||gr||||||01 nz |
| 007 - Tipo material - Descripcion fisica - info general | |
| Tipo material | ta |
| 008 - Códigos de longitud fija (40p) | |
| Campo de control de longitud fija | 250923b es ||||| |||| 00| 0 spa d |
| 020 ## - INTERNATIONAL STANDARD BOOK NUMBER | |
| ISBN | 978842917978 |
| 040 ## - Origen de la Catalogacion | |
| Centro catalogador/agencia de origen | UTEA |
| 041 ## - Código de idioma (R) | |
| Código de lengua del texto/banda sonora o título independiente (R) | spa |
| 082 ## - Número de la Clasificación | |
| Número de la Clasificación | 333.715 |
| Notación Interna | J72 2013 |
| 100 ## - Autor Personal | |
| Autor Personal | Jonker Geral |
| Término indicativo de función (R) | autor |
| 245 ## - Titulo | |
| Titulo | Ingeniería para la sostenibildad : |
| Subtitulo | guia práctica para el diseño sostenible / |
| Mención del autor | Gerald Jonker |
| Medio físico | [Texto impreso] |
| 260 ## - Editorial | |
| Ciudad | España; |
| Nombre de la Editorial | Editorial reverté; |
| Fecha | 2013 |
| 300 ## - Descripcion | |
| Páginas | 115 páginas |
| Otros detalles físicos | figuras; |
| Dimensiones | 15 x 23 cm. |
| 505 ## - Nota de contenido formateada | |
| Nota de contenido formateada Índice del Libro] | Introducción -- preparación del encargo de un diseño o proyecto -- Estructuración del contexto de la sostenibilidad -- generación de soluciones de diseño -- Adquisición de competencias sostenible. |
| 650 ## - Temas - Descriptores | |
| Temas - Descriptores | INGENIERIA SOSTENIBLE |
| 9 (RLIN) | 59474 |
| 700 ## - Coautor Personal | |
| Coautor Personal | Jan Harmsen |
| Término indicativo de función (R) | coautor |
| 9 (RLIN) | 59475 |
| 942 ## - Datos personalizados Koha | |
| Esquema de Clasificacion | Dewey Decimal Classification |
| Tipo de Documento | Libros |
| Fecha procesamiento | 2025-09-23 |
| Catalogador | Cirila Celinda Molina Chirinos |
| Estado de retiro | Estado de pérdida | Fuente de Clasificacion | Estado | No para préstamo | Escuela Profesional/ Mención de Maestría | Localización permanente | Ubicación/localización actual | Fecha de adquisición | Fuente de adquisición | Signatura topográfica completa | Código de barras | Precio válido a partir de | Tipo de ítem Koha | Ubicación en estantería |
|---|---|---|---|---|---|---|---|---|---|---|---|---|---|---|
| Dewey Decimal Classification | E.P. Ingeniería Ambiental y RR.NN. | Biblio. Andahuaylas UTEA | Biblio. Andahuaylas UTEA | 09/23/2025 | Compra | 333.715 J72 2013 | BAND25090333 | 09/23/2025 | Libros | |||||
| Dewey Decimal Classification | E.P. Ingeniería Ambiental y RR.NN. | Biblioteca Abancay UTEA | Biblioteca Abancay UTEA | 09/29/2025 | Compra | 333.715 J72 2013 | BABA25090462 | 09/29/2025 | Libros | Área de Ciencias Puras y Aplicada (primer piso) | ||||
| Dewey Decimal Classification | E.P. Ingeniería Ambiental y RR.NN. | Biblioteca Cusco UTEA | Biblioteca Cusco UTEA | 09/30/2025 | Compra | 333.715 J72 2013 | BCUS25090509 | 09/30/2025 | Libros | Biblioteca Puputi |